| 000 | 00337nam a2200133 a 4500 | ||
|---|---|---|---|
| 090 |
_aIAVH _b01006 |
||
| 041 | _aspa | ||
| 245 | _aVivero Corpomortiño | ||
| 260 |
_aBogotá _bIAVH _bFundación Pangea _bFundación Humedales _cs.f. |
||
| 300 | _a6 p. | ||
| 650 |
_aViveros _992504 |
||
| 650 |
_aEspecies forestales _992707 |
||
| 945 | _d2009-11-20 | ||
| 999 |
_c7175 _d7175 |
||